| Tag |
First Indicator |
Second Indicator |
Subfields |
| LEADER |
00000cam a2200000 4500 |
| 001 |
in00000030604 |
| 005 |
20151007061648.0 |
| 008 |
720901s1951 nyuag 00000 eng u |
| 010 |
|
|
|a 51009328
|
| 035 |
|
|
|a (OCoLC)00397659
|
| 035 |
|
|
|9 AAD2702AM
|
| 040 |
|
|
|c OUN
|d TXA
|d UtOrBLW
|
| 049 |
|
|
|a TXAM
|c [194141]
|
| 050 |
|
0 |
|a MT85
|b .G7
|
| 092 |
|
|
|a 781.63
|b G618p
|
| 100 |
1 |
|
|a Goldbeck, Frederik,
|d 1902-1981.
|
| 245 |
1 |
4 |
|a The perfect conductor :
|b an introduction to his skill and art for musicians and music-lovers.
|
| 264 |
|
1 |
|a New York :
|b Pellegrini & Cudahy,
|c [1951]
|
| 300 |
|
|
|a xx, 202 pages :
|b illustrations, music. ;
|c 22 cm.
|
| 336 |
|
|
|a text
|b txt
|2 rdacontent
|
| 337 |
|
|
|a unmediated
|b n
|2 rdamedia
|
| 338 |
|
|
|a volume
|b nc
|2 rdacarrier
|
| 536 |
|
|
|a From the Howard Mayer Brown, Edward Downes and Mary Schieffelin Book Collections, October 2004.
|
| 650 |
|
0 |
|a Conducting.
|
| 650 |
|
0 |
|a Orchestra.
|
| 999 |
|
|
|a MARS
|
| 999 |
f |
f |
|s 2c1b9d16-f6d5-39de-9917-f654a6e054cc
|i 1cc533f4-e99f-3066-93b7-1433a3947988
|t 0
|
| 952 |
f |
f |
|p ric
|a Texas A&M University
|b Rellis Campus
|c Joint Library Facility
|d Remote Storage
|t 0
|e MT85 .G7
|h Library of Congress classification
|i unmediated -- volume
|m A14801169919
|
| 952 |
f |
f |
|p storage
|a Texas A&M University
|b J.J. Pickle Campus
|c High Density Repository
|d Remote Storage
|t 0
|e MT85 .G7
|h Library of Congress classification
|i unmediated -- volume
|m A14831659554
|
| 998 |
f |
f |
|a MT85 .G7
|t 0
|l Remote Storage
|
| 998 |
f |
f |
|a MT85 .G7
|t 0
|l Remote Storage
|